Catálogo
 En Linea

Instituciones de derecho de familia / (Registro nro. 50088)

Detalles MARC
000 -CABECERA
campo de control de longitud fija 01387nam a22002657a 4500
003 - IDENTIFICADOR DEL NÚMERO DE CONTROL
campo de control DO-SdBNP
005 - FECHA Y HORA DE LA ÚLTIMA TRANSACCIÓN
campo de control 20211105123009.0
007 - CAMPO FIJO DE DESCRIPCIÓN FÍSICA--INFORMACIÓN GENERAL
campo de control de longitud fija ta
008 - DATOS DE LONGITUD FIJA--INFORMACIÓN GENERAL
campo de control de longitud fija 210712e2006 dr |||||||| 001 0dspa d
020 ## - NÚMERO INTERNACIONAL ESTÁNDAR DEL LIBRO
Número Internacional Estándar del Libro 9789993468769
040 ## - FUENTE DE LA CATALOGACIÓN
Centro catalogador/agencia de origen DO-SdBNP
Lengua de catalogación spa
Centro/agencia transcriptor BNPHU
082 #4 - NÚMERO DE LA CLASIFICACIÓN DECIMAL DEWEY
Número de edición 22
Número de documento/Ítem N789i
100 1# - ENTRADA PRINCIPAL--NOMBRE DE PERSONA
Nombre de persona Nolasco Olivo, Daniel Julio
9 (RLIN) 79179
245 10 - MENCIÓN DE TÍTULO
Título Instituciones de derecho de familia /
Mención de responsabilidad, etc. Daniel Nolasco ; pról. Francisco Antonio Pérez Lora
260 ## - PUBLICACIÓN, DISTRIBUCIÓN, ETC.
Lugar de publicación, distribución, etc. Santo Domingo :
Nombre del editor, distribuidor, etc. Ediciones Jurídicas Trajano Potentini,
Fecha de publicación, distribución, etc. 2006.
300 ## - DESCRIPCIÓN FÍSICA
Extensión v. ;
Dimensiones 21 cm.
500 ## - NOTA GENERAL
Nota general La biblioteca posee el volumen 2
500 ## - NOTA GENERAL
Nota general Incluye datos biográficos del autor en las solapas
504 ## - NOTA DE BIBLIOGRAFÍA, ETC.
Nota de bibliografía, etc. Bibliografía : p. 389- 396
505 0# - NOTA DE CONTENIDO CON FORMATO
Nota de contenido con formato Índice general--
Título Dedicatoria--
-- Presentación--
-- Prólogo--
-- Introducción--
Información miscelánea Capítulo 10--
Título Las separaciones de cuerpos como remedios de conflicto conyugal--
Información miscelánea Capítulo 11--
Título La afiliación como instituición parental--
Información miscelánea Capítulo 12--
Título La legitimación como matrimonialización filiatorial --
Información miscelánea Capítulo 13--
Título El menor como sujeto de derecho--
Información miscelánea Capítulo 14--
Título La adopción como institución. protectora del menor--
Información miscelánea Capítulo 15--
Título La patria potestad como responsabilidad parental--
-- Apéndices--
-- Bibliografía.
590 ## - NOTA LOCAL (RLIN)
Nota local Inventariado 2021/MF /BT
700 1# - PUNTO DE ACCESO ADICIONAL--NOMBRE DE PERSONA
Nombre de persona Pérez Lora, Francisco Antonio,
Término indicativo de función/relación pról.
9 (RLIN) 79180
910 ## - DATOS DE OPCIÓN DEL USUARIO (OCLC)
Datos de opción del usuario Mféliz
942 ## - ELEMENTOS DE PUNTO DE ACCESO ADICIONAL (KOHA)
Fuente del sistema de clasificación o colocación Dewey Decimal Classification
Tipo de ítem Koha Libro
Existencias
Estado de retiro Estado de pérdida Fuente del sistema de clasificación o colocación Restricciones de uso No para préstamo Código de colección Localización permanente Ubicación/localización actual Ubicación en estantería Fecha de adquisición Fuente de adquisición Total de préstamos Signatura topográfica completa Código de barras Fecha visto por última vez Precio válido a partir de Tipo de ítem Koha Número de copia
    Dewey Decimal Classification Préstamo en sala   Dominicana de Servicio Biblioteca Nacional Pedro Henríquez Ureña Dominicana Depósito   Depósito legal   BNPHU DS N789i 2021-25066 12.07.2021 12.07.2021 Libro y Folleto Colección Dominicana de Servicio e.3
    Dewey Decimal Classification Excluido de préstamo   Patrimonio Dominicano Biblioteca Nacional Pedro Henríquez Ureña Patrimonio Dominicano Depósito 24.05.2021 Depósito legal   BNPHU PD N789i 2021-25062 12.07.2021 12.07.2021 Libro y Folleto Colección Patrimonio Dominicano  
    Dewey Decimal Classification Excluido de préstamo   Patrimonio Dominicano Biblioteca Nacional Pedro Henríquez Ureña Patrimonio Dominicano Depósito 24.05.2021 Depósito legal   BNPHU PD N789i 2021-25065 12.07.2021 12.07.2021 Libro y Folleto Colección Patrimonio Dominicano E.2

Con tecnología Koha